Missing Word: Edgar Allan Poe Quiz Stats

Quiz Updated Mar 5, 2016

Challenge
Share
Tweet
Embed
Score 0/20 Timer 02:00
0 Plays Today
Work by Poe Missing Word % Correct
The Tell-Tale ___Heart
84.9%
The Pit and the ___Pendulum
69.2%
The Fall of the House of ___Usher
65.2%
Annabel ___Lee
56%
The ___ of AmontilladoCask
53.6%
Murders in the Rue ___Morgue
51.2%
The ___ CatBlack
48.5%
The ___ of the Red DeathMasque
42.4%
The Purloined ___Letter
39%
A Dream ___ a DreamWithin
32.2%
Work by Poe Missing Word % Correct
The Facts in the ___ of M. ValdemarCase
27.7%
Three Sundays in a ___Week
25.7%
The ___-BugGold
21.6%
Spirits of the ___Dead
17.9%
Never Bet the ___ Your HeadDevil
15.3%
The Premature ___Burial
12%
The ___-and-Second Tale of ScheherezadeThousand
8.6%
The Narrative of Arthur Gordon ___Pym
7.7%
A Tale of the Ragged ___Mountains
2.5%
The Man of the ___Crowd
2.5%

Today's Daily Dose

Missing Word
For Dummies Books

Word Ladder
Ariana Grande

Quick Pick
1970s Authors

On This Day
June 21st II

You're not logged in!

Compare scores with friends on all Sporcle quizzes.
Join for Free
OR
Log In

You Might Also Like...

Show Comments

Extras

Top Quizzes Today


Score Distribution

Your Account Isn't Verified!

In order to create a playlist on Sporcle, you need to verify the email address you used during registration. Go to your Sporcle Settings to finish the process.

Report this User

Report this user for behavior that violates our Community Guidelines.

Details: